00557nam a2200193 4500003001100000005001700011008004100028040003900069041000800108082001300116100002100129245003300150260003200183300000900215650003000224942000700254952008700261999001500348LK-CoMWRAF20230901034621.0230901b1968 |||||||| |||| 00| 0 eng d aLK-CoMWRAFdLK-CoMWRAFeLK-CoMWRAF aeng a823bCHR aChristie, Agatha aBy the pricking of my thumbs aLondonbWm. collins, c1968 a255p aScience Fiction - English cBK 00104070aMAINbMAINd2023-09-01l0o823 CHRpRAF310r2023-09-01w2023-09-01yBK c3344d3344